000 01362aam a2200469 4500
005 20230608173109.0
008 150512b2003 xxu||||| |||| 00| 0 spa d
041 _aESP
082 _a004.65 T164r
100 _aTanenbaum, Andrew S
_979325
245 _aRedes de computadoras
250 _a4 edición
260 _aMéxico
_bPearson Educación
_c2003
300 _a912 páginas
650 _aREDES DE COMPUTADORES
_979326
650 _aHARDWARE
_979327
650 _aSOFTWARE
_979328
650 _aOSI
_979329
650 _aTCP/IP
_979330
650 _aINTERNET
_979331
650 _aMEDIOS DE TRANSMISIÓN
_979332
650 _aENLACE DE DATOS
_979333
650 _aPROTOCOLOS
_979334
650 _aCONTROL DE ACCESO
_979335
650 _aETHERNET
_979336
650 _aLANS INALÁMBRICAS
_979337
650 _aBANDA ANCHA
_979338
650 _aCONMUTACIÓN
_979339
650 _aBLUETOOTH
_979340
650 _aALGORITMOS DE ENRUTAMIENTO
_979341
650 _aCONTROL DE CONGESTIÓN
_979342
650 _aINTERCONECTIVIDAD
_979343
650 _aCAPA DE TRANSPORTE
_979344
650 _aCAPA DE APLICACIÓN
_979345
650 _aSEGURIDAD EN REDES
_979346
650 _aCORREO ELECTRÓNICO
_979347
650 _aWORLD WIDE WEB
_979348
650 _aMULTIMEDIA
_979349
650 _aLANS
_979350
650 _aMANS
_979351
942 _cBK
999 _c5373
_d5373